Οικονομική γεωγραφία : στοιχεία θεωρίας και εμπειρικά παραδείγματα

Αποθηκεύτηκε σε:
Λεπτομέρειες βιβλιογραφικής εγγραφής
Κύριος συγγραφέας: Λαμπριανίδης, Λόης
Μορφή: Βιβλίο
Γλώσσα:Greek
Δημοσίευση: Αθήνα : Πατάκης, 2010, c2001.
Έκδοση:[2η έκδ.]
Σειρά:Επιστήμη και κοινωνία (Πατάκης)
Θέματα:
Ετικέτες: Προσθήκη ετικέτας
Δεν υπάρχουν, Καταχωρήστε ετικέτα πρώτοι!

MARC

LEADER 00000cam a2200000 i 4500
001 1/46995
008 040115r20102002gr | ||| |||| ||gre||
020 |a 9789601602820 
020 |a 9601602828 
035 |l 10071999 
040 |a GR-MY-UA  |b gre  |e aacr 
041 0 |a gre 
082 7 |a 330.9   |2 (22) 
100 1 |a Λαμπριανίδης, Λόης. 
245 1 0 |a Οικονομική γεωγραφία :   |b στοιχεία θεωρίας και εμπειρικά παραδείγματα /   |c Λόης Λαμπριανίδης.  
250 |a [2η έκδ.] 
260 |a Αθήνα :   |b Πατάκης,   |c 2010, c2001. 
300 |a 404 σ. :   |b εικ. ;   |c 24 εκ. 
490 1 |a (Επιστήμη και κοινωνία / Πατάκης) 
500 |a Το Παράρτημα Λέσβου διαθέτει την δεύτερη έκδοση, 2001,την 6η εκδοση, 2005 και την 10η έκδοση [ανατύπωση], 2010.  
504 |a Περιέχει βιβλιογραφικές παραπομπές και ευρετήριο.  
650 0 0 |a Economic geography. 
830 0 |a Επιστήμη και κοινωνία (Πατάκης) 
852 |a INST  |b LESVOS  |e 20040115  |h 330.9 ΛΑΜ  |p 005100029541  |q 005100029541  |t BK  |y 0 
852 |a INST  |b LESVOS  |e 20100609  |h 330.9 ΛΑΜ  |p 005100047504  |q 005100047504  |t BK  |y 0 
852 |a INST  |b LESVOS  |e 20100609  |h 330.9 ΛΑΜ  |p 005100047505  |q 005100047505  |t BK  |y 0 
852 |a INST  |b LESVOS  |e 20100609  |h 330.9 ΛΑΜ  |p 005100047506  |q 005100047506  |t BK  |y 0 
852 |a INST  |b LESVOS  |e 20100609  |h 330.9 ΛΑΜ  |p 005100047507  |q 005100047507  |t BK  |y 0 
852 |a INST  |b LESVOS  |e 20110729  |h 330.9 ΛΑΜ  |p 005100050036  |q 005100050036  |t BK  |y 0 
852 |a INST  |b LESVOS  |e 20141022  |h 330.9 ΛΑΜ  |p 005100054979  |q 005100054979  |t BK  |y 0 
901 |a BIBL1-2004-1 
901 |a BIBL1-2011-2 
901 |a BIBL1-2014-3 
909 |a Λ  |b 106342 
909 |a Λ  |b 164669 
909 |a Λ  |b 164670 
909 |a Λ  |b 164671 
909 |a Λ  |b 164672 
909 |a Λ  |b 170239 
909 |a Λ  |b 190967 
970 |a ΤΖΑΦΕΡΗ  |b ΕΥΑΓΓΕΛΙΑ  |z 2004/01/15